Doors - Noah Kahan (Lyrics) - Statistics

General Stats
  • This quiz has been taken 48 times
  • The average score is 329 of 363
Answer Stats
Answer % Correct
but
100%
can't
100%
doors
100%
'em
100%
keep
100%
open
100%
showin'
100%
the
100%
them
100%
who
100%
you
100%
a
95%
and
95%
at
95%
babe
95%
'Cause
95%
cause
95%
close
95%
closeness
95%
closer
95%
decided
95%
directly
95%
ever
95%
get
95%
gets
95%
harder
95%
have
95%
I
95%
i
95%
it
95%
knock
95%
knocked
95%
look
95%
me
95%
my
95%
on
95%
one
95%
see
95%
so
95%
So
95%
some
95%
someone
95%
someone?
95%
stared
95%
sun?
95%
to
95%
try
95%
up
95%
up"
95%
were
95%
your
95%
you're
95%
ahead
90%
anyone
90%
back
90%
be
90%
by
90%
could
90%
dad
90%
sticks
90%
forbid
90%
forgive
90%
God
90%
got
90%
grew
90%
guns
90%
he'd
90%
hurt
90%
I'd
90%
if
90%
i'm
90%
I'm
90%
in
90%
jump
90%
just
90%
little
90%
losin'
90%
mad
90%
money
90%
point
90%
pretendin'
90%
scream
90%
should
90%
sleep
90%
spit
90%
that
90%
trouble
90%
would
90%
are
86%
born
86%
ceilin'
86%
exposed
86%
here
86%
keys
86%
leaving?"
86%
live
86%
"No
86%
now
86%
of
86%
"Oh
86%
Oh
86%
pack
86%
put
86%
rattle
86%
reasons
86%
red
86%
shit
86%
starin'
86%
streak
86%
too
86%
unwarned
86%
wakin'
86%
was
86%
what?
86%
what
86%
wouldn't
86%
all
81%
bet
81%
into
81%
not
81%
i'll
76%
listin'
76%
shared
76%
storm
76%
sure
76%
unsuspectin'
71%
comes
67%
gone
67%
heart
67%
how
67%
long
67%
only
67%
anger
62%
before
62%
hope
62%
known
62%
moving
62%
unwarm
62%
Vermont
62%
you've
62%
formed
57%
frost
57%
left
57%
'til
57%
dark
52%
foot
52%
ice
52%
malcontented
52%
one-hundred-year
52%
across
48%
yeah
33%
No matching quizzes found
Score Distribution
Percent of People with Each Score
Percentile by Number Answered
Your Score History
You have not taken this quiz